The Bluest States: Sudden Death - Statistics

General Stats
  • This quiz has been taken 50 times
  • The average score is 15 of 18
Answers on the Grid
Answers color-coded by a green-red scale on the quiz's grid according to % correct below.
California
Maine
Washington
Kentucky
Indiana
Texas
Oregon
Vermont
Louisiana
New Hampshire
South Dakota
Florida
Massachusetts
Kansas
Minnesota
Mississippi
New Jersey
New York
New Mexico
Arizona
Colorado
Hawaii
Alaska
Arkansas
Rhode Island
Connecticut
Delaware
Maryland
Virginia
West Virginia
Idaho
North Dakota
 
Answer Stats
Answer % Correct
California
100%
Vermont
93%
Connecticut
91%
Delaware
91%
Massachusetts
91%
New York
91%
Rhode Island
91%
Maryland
88%
New Jersey
88%
Hawaii
86%
Maine
86%
Minnesota
81%
New Hampshire
81%
Washington
81%
Colorado
79%
Oregon
72%
Virginia
65%
New Mexico
58%
No matching quizzes found
Score Distribution
Percent of People with Each Score
Percentile by Number Answered
Your Score History
You have not taken this quiz